Slavic, Balkan, or Both? - Statistics

General Stats
  • This quiz has been taken 154 times
  • The average score is 15 of 17
Answer Stats
Country Answer % Correct
Russia Slavic
99%
Poland Slavic
98%
Bulgaria Both
97%
North Macedonia Both
96%
Slovenia Both
95%
Belarus Slavic
94%
Albania Balkan
93%
Montenegro Both
93%
Romania Balkan
92%
Slovakia Slavic
92%
Croatia Both
89%
Czech Republic Slavic
85%
Serbia Both
83%
Greece Balkan
81%
Bosnia and Herzegovina Both
77%
Ukraine Slavic
74%
Turkey Balkan
71%
No matching quizzes found
Score Distribution
Percent of People with Each Score
Percentile by Number Answered
Your Score History
You have not taken this quiz